000
00277nam a2200109Ia 4500
005
20251222144834.0
008
251222s9999||||xx |||||||||||||| ||spa||
082
_a
730.944/G78
245
0
_a
Roseline Granet
264
_b
Musée d'Art et Historie de la Ville Meudon
942
_c
LIB
999
_c
20955
_d
20955